|
|
|
|
| LEADER |
00000cam a2200000 7i4500 |
| 001 |
0000000724 |
| 005 |
20040225.0 |
| 090 |
0 |
0 |
|a JPSM584.9095951
|b POH 1994
|
| 100 |
1 |
0 |
|a POH
|h Lye Yong
|
| 245 |
1 |
0 |
|a Kajian industri buluh di Semenanjung Malaysia
|c oleh L. Y. Poh, Mohd. Shahwahid Hj. Othman & Saroni Judi
|
| 260 |
0 |
0 |
|a Kuala Lumpur :
|b Ibu Pejabat Perhutanan Semenanjung Malaysia ,
|c 1994
|
| 300 |
|
|
|c xi, 176 p. :
|b col. ill. ;
|c 25 cm.
|
| 500 |
0 |
0 |
|a Bibliography: [p. 164-165]
|
| 650 |
0 |
0 |
|a Bamboo
|z Malaysia
|
| 700 |
0 |
1 |
|a Mohd Shahwahid Hj Othman
|
| 700 |
0 |
1 |
|a Saroni Judi
|
| 710 |
1 |
1 |
|a Malaysia ,
|c Jabatan Perhutanan Semenanjung Malaysia
|
| 998 |
|
|
|a JPSM
|
| 999 |
|
|
|a 0000000270
|b Monograph
|c Open Shelf
|e Default branch
|
| 999 |
|
|
|a 0000000271
|b Monograph
|c Open Shelf
|e Default branch
|
| 999 |
|
|
|a 0000000272
|b Monograph
|c Reference
|e Default branch
|
| 999 |
|
|
|a 0000000273
|b Monograph
|c Open Shelf
|e Default branch
|
| 999 |
|
|
|a 0000000274
|b Monograph
|c Open Shelf
|e Default branch
|
| 999 |
|
|
|a 0000000275
|b Monograph
|c Open Shelf
|e Default branch
|
| 999 |
|
|
|a 0000000276
|b Monograph
|c Open Shelf
|e Default branch
|
| 999 |
|
|
|a 0000000277
|b Monograph
|c Open Shelf
|e Default branch
|
| 999 |
|
|
|a 0000000278
|b Monograph
|c Open Shelf
|e Default branch
|
| 999 |
|
|
|a 0000000279
|b Monograph
|c Open Shelf
|e Default branch
|